00585nam a2200157 a 450000500170000000800410001702000180005805000280007610000190010424501520012326000640027530000100033950000140034965000370036365000270040020140412111318.0010328s19uu xx 00 eng d a0-590-12877-9 aTR(GS 372.21bB135 1998 aBaskwill, Jane aBig interactive literacy builders, Grade K-2 :bcomplete hot-to's for making manipulative reading tools that kids can't resist! /cby Jane Baskwil. aJefferson City, MO :bScholastic Professional Books,c1998. a32 p. aPreschool aTeachers strategies - Grades K-2 aEducation - Grades K-2